000 00311 a2200109 4500
001 ART_11300
005 20260410161856.0
008 260409a
245 1 0 _aLibertad, conducta y responsabilidad
100 1 _aTagle, Manuel
773 0 _tRevista de Economía
_g- Nº 30 (sep. 1981)
_wREV11077
999 _c25443
_d25443